[Event "1. OEsterreichische Internet Schach Meisterschaft - Vorrunde 2"]
[Site "Online - Playchess.com"]
[Date ""]
[Round "1"]
[Board "79"]
[White "Filek, Mattias"]
[Black "Tauber, Andreas"]
[Result "0-1"]
[WhiteElo "1932"]
[BlackElo "1972"]
[PlyCount "92"]
[EventDate "2020.04.13"]
[EventRounds "9"]
[EventCountry "AUT"]

1. e4 d6 2. d4 g6 3. Nf3 Bg7 4. Bc4 c5 5. dxc5 Qa5+ 6. Nbd2 Qxc5 7. O-O Nf6 8. Re1
Nc6 9. Bb3 Bg4 10. c3 Ne5 11. h3 Nd3 12. Re3 Bxf3 13. Nxf3 Nf4 14. Re1 Ne6 15. Be3
Qc7 16. Ba4+ Nd7 17. Nd4 Nec5 18. Bc2 O-O 19. Qe2 a6 20. a4 Rac8 21. f4 Ne6 22. Nxe6
fxe6 23. Qg4 Rf6 24. f5 exf5 25. exf5 Ne5 26. Qg3 gxf5 27. Bg5 Rf7 28. Bb3 Qb6+ 29.
Kh1 Qxb3 30. Rad1 Qxb2 31. Bf4 Ng6 32. Bg5 Rxc3 33. Re3 Rxe3 34. Qxe3 Qe5 35. Qf2
f4 36. h4 h6 37. Re1 Qf5 38. h5 Ne5 39. Bh4 Qxh5 40. Rc1 Ng4 41. Rc8+ Bf8 42. Qe1
Ne3 43. Kg1 Qg4 44. Qf2 Qxc8 45. g3 Qc1+ 46. Kh2 Ng4+  0-1

[Event "1. OEsterreichische Internet Schach Meisterschaft - Vorrunde 2"]
[Site "Online - Playchess.com"]
[Date ""]
[Round "1"]
[Board "80"]
[White "Neubauer, Anton"]
[Black "Schneider-Zinner, Werner"]
[Result "0-1"]
[WhiteElo "1879"]
[BlackElo "1967"]
[PlyCount "102"]
[EventDate "2020.04.13"]
[EventRounds "9"]
[EventCountry "AUT"]

1. e4 e5 2. Nf3 Nf6 3. Nxe5 d6 4. Nf3 Nxe4 5. d3 Nf6 6. d4 d5 7. Bd3 Bd6 8. O-O O-O
9. h3 Nbd7 10. c4 c5 11. Nc3 cxd4 12. Nxd4 dxc4 13. Bxc4 Nb6 14. Bb3 a6 15. Bg5 Bc7
16. Nf3 Qxd1 17. Raxd1 Bf5 18. Bxf6 gxf6 19. Rfe1 Be6 20. Bxe6 fxe6 21. Rxe6 Rae8
22. Rde1 Kf7 23. Rxe8 Rxe8 24. Rxe8 Kxe8 25. Kf1 Nc4 26. b3 Ne5 27. Nh4 Kf7 28. Nd5
Bd6 29. Nf5 Bc5 30. Nfe3 Nd3 31. Ke2 Nc1+ 32. Kd2 Nxa2 33. Kc2 Nb4+ 34. Nxb4 Bxb4
35. Nd5 Bc5 36. f3 Ke6 37. Nc3 Bd4 38. Ne4 Ke5 39. Kd3 Ba7 40. Nc3 Bb6 41. Ne2 Bc5
42. f4+ Ke6 43. g4 Bd6 44. Nd4+ Kf7 45. Nf5 Bxf4 46. Ke4 Bd2 47. Kd5 Kg6 48. Nd6
b5 49. Nb7 a5 50. Nd6 a4 51. Nxb5 axb3  0-1

[Event "1. OEsterreichische Internet Schach Meisterschaft - Vorrunde 2"]
[Site "Online - Playchess.com"]
[Date ""]
[Round "1"]
[Board "81"]
[White "Dorner, Guenther"]
[Black "Gallob, Marko"]
[Result "0-1"]
[WhiteElo "1787"]
[BlackElo "1961"]
[PlyCount "40"]
[EventDate "2020.04.13"]
[EventRounds "9"]
[EventCountry "AUT"]

1. e4 e6 2. d4 d5 3. Nc3 Nf6 4. exd5 Nxd5 5. Bd2 Be7 6. Nf3 c5 7. dxc5 Nc6 8. Bb5
Bxc5 9. O-O Nde7 10. Ne4 Bb6 11. Bb4 a6 12. Ba4 Qxd1 13. Raxd1 Bc7 14. Bxe7 Kxe7
15. Bxc6 bxc6 16. Nd4 Bb7 17. Nc5 Rab8 18. Nxb7 Rxb7 19. Nxc6+ Kf6 20. b3 Bf4  0-1

[Event "1. OEsterreichische Internet Schach Meisterschaft - Vorrunde 2"]
[Site "Online - Playchess.com"]
[Date ""]
[Round "1"]
[Board "82"]
[White "Guba, Viktor"]
[Black "Prinz, Hubert"]
[Result "0-1"]
[WhiteElo "1401"]
[BlackElo "1956"]
[PlyCount "114"]
[EventDate "2020.04.13"]
[EventRounds "9"]
[EventCountry "AUT"]

1. e4 d5 2. exd5 Qxd5 3. Nc3 Qd6 4. d4 Nf6 5. Nf3 a6 6. Ne5 c5 7. Nf3 cxd4 8. Nxd4
Nc6 9. Nxc6 Qxc6 10. a4 Bf5 11. f3 Rd8 12. Bd2 e6 13. Be2 Bc5 14. Nb5 O-O 15. Nc3
Rd7 16. Qc1 Bd4 17. Rb1 Rfd8 18. Be3 Bxc3+ 19. bxc3 Qxc3+ 20. Kf2 Nd5 21. Rb3 Qxc2
22. Qxc2 Bxc2 23. Rb2 Bxa4 24. Ra1 Bc6 25. Bc5 h6 26. Ra3 Nf4 27. Be3 Nd3+ 28. Bxd3
Rxd3 29. Rxd3 Rxd3 30. Rc2 g5 31. Bb6 Kg7 32. Bc7 Kg6 33. Bb6 f5 34. Rb2 e5 35. Ke2
Rd5 36. Ke3 f4+ 37. Ke2 Rd6 38. Bc5 Bb5+ 39. Kf2 Rd5 40. Bb6 Kf5 41. g3 h5 42. h3
g4 43. fxg4+ hxg4 44. h4 fxg3+ 45. Kxg3 Rd3+ 46. Kg2 Bc6+ 47. Kf2 Rf3+ 48. Ke2 Rh3
49. Bd8 Rh2+ 50. Kf1 Rxb2 51. Kg1 g3 52. Kf1 Kg4 53. h5 Kf3 54. Ke1 g2 55. Bb6 Rxb6
56. h6 Rb2 57. h7 g1=Q#  0-1

[Event "1. OEsterreichische Internet Schach Meisterschaft - Vorrunde 2"]
[Site "Online - Playchess.com"]
[Date ""]
[Round "1"]
[Board "83"]
[White "Pedevilla, Luis"]
[Black "Hochwarter, Martin"]
[Result "0-1"]
[WhiteElo "1650"]
[BlackElo "1932"]
[PlyCount "146"]
[EventDate "2020.04.13"]
[EventRounds "9"]
[EventCountry "AUT"]

1. e4 c5 2. Nc3 Nc6 3. f4 g6 4. Bb5 Bg7 5. Bxc6 bxc6 6. Nf3 Nf6 7. d3 Rb8 8. O-O
O-O 9. Rb1 d6 10. a3 Qa5 11. Qe1 Bg4 12. Bd2 Qc7 13. h3 Be6 14. Qh4 h6 15. f5 gxf5
16. exf5 Bxf5 17. Bxh6 Bg6 18. Bxg7 Kxg7 19. Qg5 Rh8 20. Nh4 Rh5 21. Qg3 Qd7 22.
Nxg6 fxg6 23. Rf4 Rf5 24. Rg4 Nxg4 25. Qxg4 Rd8 26. Ne4 Re5 27. Rf1 Qxg4 28. hxg4
Rf8 29. Rxf8 Kxf8 30. Kf2 c4 31. Kf3 cxd3 32. cxd3 Rb5 33. b4 a5 34. Nc3 Re5 35.
d4 Re6 36. bxa5 Rf6+ 37. Ke2 Rf4 38. a6 Kg7 39. a7 Rf8 40. d5 Ra8 41. dxc6 Rxa7 42.
Nb5 Ra8 43. c7 Kf7 44. a4 Ke8 45. a5 Kd7 46. Kd3 Rxa5 47. Kc4 Rxb5 48. Kxb5 Kxc7
49. Kc4 Kd7 50. Kd5 e6+ 51. Kd4 Ke7 52. g5 Kd7 53. Ke4 Kc6 54. Kd4 Kb5 55. Ke4 Kc4
56. Ke3 d5 57. Kd2 d4 58. Ke2 e5 59. Kd2 e4 60. Ke2 Kc3 61. Kd1 d3 62. g4 e3 63.
Ke1 Kc2 64. Kf1 d2 65. Ke2 d1=Q+ 66. Kxe3 Qd5 67. Kf4 Kd3 68. Kg3 Qxg5 69. Kh3 Ke3
70. Kg3 Qf4+ 71. Kh4 Kf3 72. Kh3 Qxg4+ 73. Kh2 Qg2#  0-1

[Event "1. OEsterreichische Internet Schach Meisterschaft - Vorrunde 2"]
[Site "Online - Playchess.com"]
[Date ""]
[Round "1"]
[Board "84"]
[White "Katter, Katharina"]
[Black "Ploeckinger, Paul"]
[Result "1-0"]
[WhiteElo "1930"]
[BlackElo "1334"]
[PlyCount "73"]
[EventDate "2020.04.13"]
[EventRounds "9"]
[EventCountry "AUT"]

1. d4 Nf6 2. Nf3 d5 3. c4 c6 4. e3 e6 5. Nc3 b6 6. Qc2 Ba6 7. b3 Bb4 8. a3 Bxc3+
9. Qxc3 dxc4 10. bxc4 Nbd7 11. Bd3 c5 12. O-O O-O 13. Bb2 Qc7 14. Rfd1 cxd4 15. exd4
Rac8 16. Rac1 Bb7 17. Bb1 Ng4 18. h3 Bxf3 19. Qxf3 Qh2+ 20. Kf1 Nh6 21. g4 f5 22.
g5 Nf7 23. Qe3 Rfe8 24. f4 Nd6 25. Rd2 Qh1+ 26. Kf2 Qh2+ 27. Ke1 Qh1+ 28. Ke2 Qh2+
29. Kd3 Qe2+ 30. Rxe2 Nxc4 31. Rxc4 Rxc4 32. Kxc4 b5+ 33. Kd3 Rc8 34. Ba2 Rc6 35.
Bxe6+ Kh8 36. Bxd7 Rd6 37. Qe8#  1-0

[Event "1. OEsterreichische Internet Schach Meisterschaft - Vorrunde 2"]
[Site "Online - Playchess.com"]
[Date ""]
[Round "1"]
[Board "85"]
[White "Buchegger, Fridolin"]
[Black "Kucharski, Michael"]
[Result "0-1"]
[WhiteElo "1827"]
[BlackElo "1927"]
[PlyCount "126"]
[EventDate "2020.04.13"]
[EventRounds "9"]
[EventCountry "AUT"]

1. e4 c6 2. d4 d5 3. Nc3 dxe4 4. Nxe4 Bf5 5. Ng3 Bg6 6. N1e2 e6 7. Nf4 Nf6 8. h4
Bd6 9. h5 Bf5 10. Nxf5 exf5 11. Bc4 Nbd7 12. Qe2+ Qe7 13. Qxe7+ Kxe7 14. Be3 Rhe8
15. O-O-O Kf8 16. g3 Ng4 17. Rh4 Nxe3 18. fxe3 Rxe3 19. Rg1 Rae8 20. Kd2 R3e4 21.
c3 Bxf4+ 22. gxf4 Nf6 23. Bd3 R4e7 24. Bxf5 Re2+ 25. Kc1 Rf2 26. Bc2 Ree2 27. Bb3
Rxb2 28. Re1 h6 29. Re5 Rbe2 30. f5 Rh2 31. Rf4 Nxh5 32. Rh4 Nf6 33. Rf4 Rxe5 34.
dxe5 Nd5 35. Bxd5 cxd5 36. Rb4 b6 37. Rd4 Rxa2 38. Rxd5 Rf2 39. Rd7 Rxf5 40. e6 fxe6
41. Rxa7 h5 42. Rb7 b5 43. Kb2 Kg8 44. Re7 Re5 45. Kb3 h4 46. Rd7 h3 47. Rd3 Rh5
48. Rd1 h2 49. Rh1 Kf7 50. Kb4 Ke7 51. c4 bxc4 52. Kxc4 Kf6 53. Kd4 Kg5 54. Ke3 Kg4
55. Kf2 e5 56. Kg2 e4 57. Re1 h1=Q+ 58. Rxh1 Rxh1 59. Kxh1 Kf3 60. Kh2 Ke2 61. Kg1
e3 62. Kg2 Kd1 63. Kh2 e2  0-1

[Event "1. OEsterreichische Internet Schach Meisterschaft - Vorrunde 2"]
[Site "Online - Playchess.com"]
[Date ""]
[Round "1"]
[Board "86"]
[White "Keim, Philipp"]
[Black "Thummer, Philipp"]
[Result "1-0"]
[WhiteElo "1919"]
[BlackElo "1207"]
[PlyCount "85"]
[EventDate "2020.04.13"]
[EventRounds "9"]
[EventCountry "AUT"]

1. Nf3 d6 2. c4 c6 3. Nc3 g6 4. d4 Bg4 5. e3 Bg7 6. Be2 Nd7 7. O-O e6 8. b3 Ne7 9.
Bb2 O-O 10. h3 Bxf3 11. Bxf3 Qc7 12. Rc1 a6 13. e4 f5 14. d5 e5 15. b4 b6 16. Re1
c5 17. a3 f4 18. Bg4 h5 19. Be6+ Kh7 20. h4 Rf6 21. Ne2 Nf8 22. Rc3 Nxe6 23. dxe6
Rxe6 24. Rd3 Rd8 25. bxc5 bxc5 26. Nc3 Bf8 27. Nd5 Nxd5 28. Rxd5 Rb8 29. Re2 Kh6
30. Red2 Be7 31. Bc1 Rb1 32. Qc2 Qb6 33. Rd1 Qb3 34. Qxb3 Rxb3 35. g3 g5 36. hxg5+
Kxg5 37. gxf4+ Kh4 38. f5 Rf6 39. R5d3 Rxd3 40. Rxd3 Rf7 41. Kh2 Rg7 42. Rh3+ Kg4
43. f3#  1-0

[Event "1. OEsterreichische Internet Schach Meisterschaft - Vorrunde 2"]
[Site "Online - Playchess.com"]
[Date ""]
[Round "1"]
[Board "87"]
[White "Wischounig, Laurin"]
[Black "Gartmayer, Stefan"]
[Result "0-1"]
[WhiteElo "1878"]
[BlackElo "1914"]
[PlyCount "67"]
[EventDate "2020.04.13"]
[EventRounds "9"]
[EventCountry "AUT"]

1. d4 d5 2. c4 e6 3. Nf3 c5 4. g3 Nc6 5. Bg2 Nf6 6. O-O cxd4 7. Nxd4 Be7 8. cxd5
exd5 9. Nc3 O-O 10. Bg5 Bg4 11. Rc1 Qd7 12. Qd2 Rad8 13. Rfd1 Rfe8 14. a3 Na5 15.
Nf3 Nc4 16. Qc2 h6 17. Ne5 Nxe5 18. Bf4 Ng6 19. h3 Bxh3 20. Be3 Bxg2 21. Kxg2 Qe6
22. Bxa7 b6 23. Nb5 Bc5 24. Nc7 Qxe2 25. Nxe8 Qxe8 26. b4 Bxf2 27. Qxf2 Ng4 28. Qxb6
Qe2+ 29. Kg1 Qh2+ 30. Kf1 Qh1+ 31. Ke2 Re8+ 32. Kd3 Qe4+ 33. Kc3 Qc4+ 34. Kb2  0-1

[Event "1. OEsterreichische Internet Schach Meisterschaft - Vorrunde 2"]
[Site "Online - Playchess.com"]
[Date ""]
[Round "1"]
[Board "88"]
[White "Janes, Christian"]
[Black "Haas, Gerald"]
[Result "1-0"]
[WhiteElo "1740"]
[BlackElo "1906"]
[PlyCount "83"]
[EventDate "2020.04.13"]
[EventRounds "9"]
[EventCountry "AUT"]

1. e4 c5 2. Nf3 Nc6 3. c3 e5 4. Bb5 d6 5. d4 Bd7 6. dxc5 dxc5 7. O-O f6 8. Be3 a6
9. Bc4 b6 10. Bd5 Nge7 11. c4 Nxd5 12. cxd5 Nd4 13. Bxd4 exd4 14. Re1 Bg4 15. Nbd2
Bd6 16. b4 c4 17. h3 c3 18. Nc4 Bxf3 19. Qxf3 O-O 20. a3 Be5 21. Qd3 Rc8 22. a4 b5
23. axb5 axb5 24. Na5 c2 25. Nc6 Qd6 26. Qxc2 d3 27. Qd2 Bxa1 28. Rxa1 f5 29. e5
Qd7 30. Ra7 Rc7 31. Rxc7 Qxc7 32. e6 Qd6 33. Qxd3 Rc8 34. Qxf5 Rf8 35. Qb1 Kh8 36.
e7 Re8 37. Qe4 Qd7 38. Qe5 h6 39. g4 Kh7 40. Kg2 Rg8 41. Qf5+ Kh8 42. Qxd7  1-0

[Event "1. OEsterreichische Internet Schach Meisterschaft - Vorrunde 2"]
[Site "Online - Playchess.com"]
[Date ""]
[Round "1"]
[Board "89"]
[White "Griessnig, Thomas"]
[Black "Kellner, Nikolaus"]
[Result "1/2-1/2"]
[WhiteElo "1895"]
[BlackElo "1685"]
[PlyCount "89"]
[EventDate "2020.04.13"]
[EventRounds "9"]
[EventCountry "AUT"]

1. d4 f5 2. Bg5 g6 3. h4 Nf6 4. Bxf6 exf6 5. h5 g5 6. h6 d5 7. e3 Nc6 8. Qh5+ Ke7
9. a3 Be6 10. Bd3 Bf7 11. Qf3 Bg6 12. Bxf5 Bxf5 13. Qxf5 Qd7 14. Qxd7+ Kxd7 15. Nc3
Ne7 16. g4 c6 17. O-O-O Kc7 18. f4 Ng6 19. f5 Nh4 20. e4 Bxh6 21. exd5 Rhe8 22. dxc6
bxc6 23. Nf3 Re3 24. Nxh4 gxh4 25. Rxh4 Rh3+ 26. Rxh6 Rxh6 27. d5 Rd8 28. b4 Rh3
29. Ne4 Rxd5 30. Nxf6 Rxd1+ 31. Kxd1 Rxa3 32. Nxh7 Rg3 33. g5 Kd6 34. f6 Ke6 35.
c4 Kf7 36. b5 cxb5 37. cxb5 Kg6 38. Nf8+ Kf7 39. Nd7 Rxg5 40. b6 axb6 41. Nxb6 Kxf6
42. Kd2 Ke5 43. Nd7+ Kd4 44. Nb6 Rg2+ 45. Kc1  1/2-1/2

[Event "1. OEsterreichische Internet Schach Meisterschaft - Vorrunde 2"]
[Site "Online - Playchess.com"]
[Date ""]
[Round "1"]
[Board "90"]
[White "Schroettner, Tobias Julian"]
[Black "Borrmann, Laurenz"]
[Result "1-0"]
[WhiteElo "1503"]
[BlackElo "1880"]
[PlyCount "139"]
[EventDate "2020.04.13"]
[EventRounds "9"]
[EventCountry "AUT"]

1. e4 c5 2. Nf3 d6 3. d4 cxd4 4. Nxd4 Nf6 5. Nc3 a6 6. Bg5 e6 7. f4 Qb6 8. Bxf6 gxf6
9. Nb3 Nc6 10. Be2 Bd7 11. Bf3 Be7 12. Qd2 Rg8 13. O-O-O O-O-O 14. Nd4 Rg7 15. Rhe1
Kb8 16. g3 Rc8 17. f5 Na5 18. Na4 Qc7 19. b3 Bxa4 20. bxa4 Nc4 21. Qd3 Ne5 22. Qb3
Nc4 23. fxe6 fxe6 24. Nxe6 Qa5 25. Nxg7 Qg5+ 26. Kb1 Qxg7 27. Be2 Ne5 28. Bxa6 Rc7
29. Bd3 Qf8 30. a5 Qc8 31. a6 Nxd3 32. Rxd3 Ka7 33. Ree3 bxa6 34. Rc3 Rc5 35. Rxc5
Qxc5 36. Rc3 Qg1+ 37. Kb2 Qb6 38. Qxb6+ Kxb6 39. Rc8 d5 40. exd5 Bd6 41. Rh8 Be5+
42. Kb3 Kc5 43. Rxh7 Kxd5 44. Ra7 Kc5 45. Rxa6 Kb5 46. Re6 Kc5 47. c4 Bd4 48. h4
f5 49. Re8 Kd6 50. Rf8 Ke6 51. a4 Bc5 52. Rc8 Kd6 53. Rxc5 Kxc5 54. Kc3 Kb6 55. Kd4
Ka5 56. Ke5 Kxa4 57. Kxf5 Kb4 58. g4 Kxc4 59. g5 Kd4 60. g6 Ke3 61. g7 Ke2 62. g8=Q
Ke3 63. h5 Kd3 64. h6 Ke3 65. h7 Kd3 66. h8=Q Ke3 67. Qh4 Kf3 68. Qgg3+ Ke2 69. Qhh2+
Kf1 70. Qgf2#  1-0

[Event "1. OEsterreichische Internet Schach Meisterschaft - Vorrunde 2"]
[Site "Online - Playchess.com"]
[Date ""]
[Round "1"]
[Board "91"]
[White "Raeke, Philipp"]
[Black "Goelles, Herbert"]
[Result "0-1"]
[WhiteElo "1880"]
[BlackElo "1705"]
[PlyCount "150"]
[EventDate "2020.04.13"]
[EventRounds "9"]
[EventCountry "AUT"]

1. e4 d6 2. d4 g6 3. Nc3 Bg7 4. Be3 Nf6 5. f4 O-O 6. Nf3 a5 7. Be2 Na6 8. h3 c5 9.
dxc5 Nxc5 10. Bd3 Nxd3+ 11. cxd3 b5 12. Nxb5 Ba6 13. Nc3 Rb8 14. Qd2 Qd7 15. O-O
Nh5 16. g4 Nf6 17. e5 Nxg4 18. hxg4 Qxg4+ 19. Qg2 Qf5 20. d4 Bxf1 21. Rxf1 Qd3 22.
Bc1 dxe5 23. fxe5 f6 24. e6 Rfd8 25. Rd1 Qf5 26. d5 Rb4 27. Nd4 Qh5 28. Qh2 Qg4+
29. Qg2 Rxd4 30. Qxg4 Rxg4+ 31. Kf2 f5 32. Be3 Rb8 33. Rd2 Bxc3 34. bxc3 Rd8 35.
Bc5 Kf8 36. Bb6 Ra8 37. Ke3 Re4+ 38. Kd3 a4 39. c4 h5 40. Rg2 Kg7 41. Bd4+ Kh7 42.
Rb2 h4 43. Rb7 Re8 44. d6 Kh6 45. Rxe7 Rxe7 46. d7 R7xe6 47. d8=Q h3 48. Qh8+ Kg5
49. Qxh3 Rg4 50. Be3+ f4 51. Bd4 Rg3+ 52. Qxg3+ fxg3 53. c5 Kg4 54. Kc4 Kf3 55. Kd5
Re8 56. c6 g2 57. Kc5 Rd8 58. Bg1 Rd1 59. Bh2 Kf2 60. c7 Rc1+ 61. Kb6 g5 62. Kb7
g4 63. Bf4 Rxc7+ 64. Bxc7 g1=Q 65. Bb6+ Kf1 66. Bxg1 Kxg1 67. Kb6 g3 68. Kb5 Kf1
69. Kxa4 g2 70. Kb5 g1=Q 71. a4 Qg5+ 72. Kb6 Qf6+ 73. Kb7 Qe7+ 74. Kb6 Qd6+ 75. Kb7
Qb4+  0-1

[Event "1. OEsterreichische Internet Schach Meisterschaft - Vorrunde 2"]
[Site "Online - Playchess.com"]
[Date ""]
[Round "1"]
[Board "92"]
[White "Pasteiner, Gernot"]
[Black "Hofstadler, Mario"]
[Result "0-1"]
[WhiteElo "1632"]
[BlackElo "1867"]
[PlyCount "134"]
[EventDate "2020.04.13"]
[EventRounds "9"]
[EventCountry "AUT"]

1. e4 c6 2. c4 d5 3. exd5 cxd5 4. cxd5 Nf6 5. d4 Nxd5 6. Bb5+ Bd7 7. Qa4 Nb6 8. Bxd7+
N8xd7 9. Qd1 g6 10. Nf3 Bg7 11. O-O O-O 12. Re1 Rc8 13. Bg5 Nf6 14. Qd2 Re8 15. Nc3
Nbd5 16. Rac1 Qb6 17. h3 Nxc3 18. Rxc3 Nd5 19. Rxc8 Rxc8 20. Bxe7 Qa6 21. Ba3 Qc4
22. b3 Qa6 23. Bc1 Qc6 24. Bb2 Qa6 25. Rc1 Rxc1+ 26. Bxc1 Qd6 27. Qa5 a6 28. Qe1
Qc6 29. Qd2 Qd6 30. Bb2 Nb4 31. Ba3 a5 32. Bxb4 axb4 33. Ng5 Bxd4 34. Qe2 Be5 35.
Nf3 Bf6 36. Qc4 Kg7 37. Qb5 b6 38. Qe2 Qd5 39. Qe3 Qa5 40. Qe2 Qc5 41. Qd2 Bc3 42.
Qe2 Bf6 43. Qd2 Qc6 44. Qe2 Qc1+ 45. Kh2 Qf4+ 46. g3 Qc1 47. Ne1 Qa3 48. Nf3 Bb2
49. Qe1 Bf6 50. Qe2 Qa5 51. Qe1 h5 52. Qe2 h4 53. Qe1 hxg3+ 54. fxg3 Qc5 55. Qe2
Qc6 56. Qf2 Qc3 57. Qe2 Qc1 58. Qf2 Qa3 59. Qe2 Bb2 60. Qe4 Qxa2 61. Qg4 Bf6+ 62.
Kg1 Qxb3 63. Nh4 Qb1+ 64. Kg2 Qc2+ 65. Kg1 b3 66. Kf1 b2 67. Kg1 b1=Q+  0-1

[Event "1. OEsterreichische Internet Schach Meisterschaft - Vorrunde 2"]
[Site "Online - Playchess.com"]
[Date ""]
[Round "1"]
[Board "94"]
[White "Maister, Dieter"]
[Black "Andreatta, Ralph"]
[Result "0-1"]
[WhiteElo "1851"]
[BlackElo "1623"]
[PlyCount "124"]
[EventDate "2020.04.13"]
[EventRounds "9"]
[EventCountry "AUT"]

1. e4 c5 2. Nf3 d6 3. d4 cxd4 4. c3 e5 5. cxd4 exd4 6. Nxd4 Nf6 7. Nc3 Nc6 8. Bb5
Bd7 9. Nf3 b6 10. Bf4 Be7 11. Bxd6 O-O 12. O-O a6 13. Bc4 Bg4 14. Bxe7 Qxe7 15. Re1
Rfd8 16. Qb3 b5 17. Bd5 Rac8 18. Nd2 Nd4 19. Bxf7+ Qxf7 20. Qa3 Nc2 21. Qxa6 Nxa1
22. Rxa1 Rxd2 23. h3 Be6 24. e5 Nd5 25. Ne4 Nc7 26. Qb6 Rxb2 27. Nd6 Qxf2+ 28. Qxf2
Rxf2 29. Kxf2 Nd5 30. Nxb5 Rc2+ 31. Kf3 Rb2 32. Nd4 Kf7 33. a4 Rb4 34. Nc6 Rb3+ 35.
Kf2 Nb4 36. Nd4 Rb2+ 37. Kg1 Bd5 38. a5 Rxg2+ 39. Kf1 Ra2 40. Rb1 Nd3 41. Rb5 Bc4
42. Rb7+ Kg6 43. Rb6+ Kh5 44. Rc6 Nxe5+ 45. Ke1 Nxc6 46. Nxc6 Bd5 47. Nb4 Rxa5 48.
Kf2 Be6 49. Nc6 Ra2+ 50. Kg3 Ra3+ 51. Kg2 Bxh3+ 52. Kh2 Bd7 53. Ne5 Be6 54. Nc6 Kg5
55. Nd4 Kf6 56. Kg2 h5 57. Kh2 g5 58. Kg2 h4 59. Kh2 g4 60. Kg2 h3+ 61. Kh2 g3+ 62.
Kg1 Ra1#  0-1

[Event "1. OEsterreichische Internet Schach Meisterschaft - Vorrunde 2"]
[Site "Online - Playchess.com"]
[Date ""]
[Round "1"]
[Board "95"]
[White "Erlacher, Herbert"]
[Black "Schein, Leopold"]
[Result "1-0"]
[WhiteElo "1842"]
[BlackElo "1584"]
[PlyCount "99"]
[EventDate "2020.04.13"]
[EventRounds "9"]
[EventCountry "AUT"]

1. Nf3 d5 2. c4 e6 3. g3 Nf6 4. Bg2 Be7 5. O-O O-O 6. d3 c5 7. Nbd2 Nc6 8. a3 a5
9. b3 b6 10. Rb1 d4 11. Ng5 Bb7 12. Nge4 Rc8 13. Nxf6+ Bxf6 14. Ne4 Be7 15. f4 Qc7
16. Bd2 e5 17. f5 f6 18. e3 dxe3 19. Bxe3 Nd4 20. Bxd4 cxd4 21. Qg4 Bxa3 22. h4 Bb4
23. h5 Rf7 24. h6 Bxe4 25. Bxe4 Kh8 26. Bd5 Re7 27. Rf2 Rf8 28. Rh2 gxh6 29. Rxh6
Rg7 30. Qh4 e4 31. Qxe4 Qxg3+ 32. Qg2 Qxg2+ 33. Bxg2 Rfg8 34. Rb2 Rf8 35. Re2 Rg5
36. Rf2 Be1 37. Re2 Bc3 38. Re7 Rg7 39. Re6 Rgf7 40. Be4 Bb4 41. Kf2 Bc5 42. Kf3
Rg8 43. Rc6 Rfg7 44. Bd5 Rg3+ 45. Kf2 R8g4 46. Rcxf6 Kg7 47. Rc6 Rg5 48. f6+ Kf8
49. Rxh7 Rf5+ 50. Kxg3  1-0

[Event "1. OEsterreichische Internet Schach Meisterschaft - Vorrunde 2"]
[Site "Online - Playchess.com"]
[Date ""]
[Round "1"]
[Board "96"]
[White "Gugler, Giorgio"]
[Black "Fugger, Christian"]
[Result "0-1"]
[WhiteElo "1405"]
[BlackElo "1818"]
[PlyCount "68"]
[EventDate "2020.04.13"]
[EventRounds "9"]
[EventCountry "AUT"]

1. e4 c5 2. Bc4 d6 3. d3 e6 4. f4 Nc6 5. Nf3 Qc7 6. c3 Nf6 7. O-O Be7 8. Bb3 O-O
9. Ng5 h6 10. Nh3 b6 11. Qf3 Bb7 12. Bc2 b5 13. Nd2 b4 14. Kh1 bxc3 15. bxc3 Rab8
16. Nb3 Na5 17. f5 d5 18. fxe6 fxe6 19. Bf4 e5 20. Bxh6 gxh6 21. Qg3+ Kh8 22. d4
Nxe4 23. Bxe4 dxe4 24. Rxf8+ Rxf8 25. Nxc5 Bxc5 26. dxc5 Rg8 27. Qh4 Qg7 28. Rg1
e3 29. Qg3 Qxg3 30. hxg3 Rxg3 31. Kh2 Rg6 32. Re1 Rxg2+ 33. Kh1 Re2+ 34. Kg1 Rxe1+
 0-1

[Event "1. OEsterreichische Internet Schach Meisterschaft - Vorrunde 2"]
[Site "Online - Playchess.com"]
[Date ""]
[Round "1"]
[Board "97"]
[White "Pilshofer, Paul"]
[Black "Galler, Alexander"]
[Result "1-0"]
[WhiteElo "1715"]
[BlackElo "1772"]
[PlyCount "153"]
[EventDate "2020.04.13"]
[EventRounds "9"]
[EventCountry "AUT"]

1. d4 d5 2. Nf3 e6 3. g3 Nf6 4. Bg2 Be7 5. O-O O-O 6. c4 b6 7. b3 Bb7 8. Bb2 Nbd7
9. Nbd2 Ne4 10. Ne5 f6 11. Nxd7 Qxd7 12. f3 Nxd2 13. Qxd2 Rac8 14. e4 dxc4 15. bxc4
a5 16. a3 Ba6 17. Rac1 c5 18. d5 e5 19. Rfd1 Bd6 20. h4 b5 21. Kh2 b4 22. Bh3 f5
23. Bxf5 Rxf5 24. exf5 Qxf5 25. Qd3 Qh5 26. Qe4 Rf8 27. Rf1 Qh6 28. axb4 axb4 29.
Rf2 Re8 30. Ra1 Bc7 31. Bc1 Qd6 32. f4 Bc8 33. Rfa2 Qd7 34. f5 Rf8 35. g4 h5 36.
Rf2 hxg4 37. Qxg4 e4+ 38. Bf4 Bxf4+ 39. Rxf4 Rxf5 40. Rxf5 Qxf5 41. Qxf5 Bxf5 42.
Ra8+ Kf7 43. Kg3 g6 44. Kf4 Ke7 45. Ra7+ Kd6 46. h5 e3 47. Ra1 e2 48. Re1 Bd3 49.
hxg6 Bxg6 50. Rxe2 Bd3 51. Re6+ Kd7 52. Ke5 Bxc4 53. Rd6+ Kc7 54. Rc6+ Kb7 55. Rxc5
Ba2 56. Rb5+ Kc7 57. Rxb4 Kd7 58. Rb7+ Kc8 59. Rg7 Kd8 60. Kd6 Ke8 61. Ra7 Bc4 62.
Kc6 Be2 63. Kd6 Bg4 64. Re7+ Kf8 65. Ra7 Ke8 66. Kc6 Bf3 67. Rc7 Kd8 68. Rf7 Bg2
69. Rg7 Bf3 70. Kc5 Ke8 71. d6 Bd1 72. Kb6 Ba4 73. Kc7 Kf8 74. Rh7 Kg8 75. Rh4 Bb5
76. d7 Kf8 77. d8=Q+  1-0

[Event "1. OEsterreichische Internet Schach Meisterschaft - Vorrunde 2"]
[Site "Online - Playchess.com"]
[Date ""]
[Round "1"]
[Board "98"]
[White "Gall, Bernhard"]
[Black "Kipman, Felix"]
[Result "0-1"]
[WhiteElo "1244"]
[BlackElo "1576"]
[PlyCount "50"]
[EventDate "2020.04.13"]
[EventRounds "9"]
[EventCountry "AUT"]

1. e4 c6 2. Nf3 d5 3. exd5 cxd5 4. d4 Bg4 5. Nc3 e6 6. Be2 Nf6 7. Ne5 Bxe2 8. Qxe2
Nbd7 9. Nxd7 Qxd7 10. O-O Bd6 11. Qf3 O-O 12. Bf4 Rac8 13. Rad1 Rc6 14. Bxd6 Qxd6
15. Rfe1 Rfc8 16. Re3 a6 17. a3 Ne4 18. Nxe4 dxe4 19. Qxe4 Rxc2 20. Rh3 h6 21. Rc3
Qb6 22. Rxc8+ Rxc8 23. Qe3 Qxb2 24. Rc1 Rxc1+ 25. Qxc1 Qxc1#  0-1

[Event "1. OEsterreichische Internet Schach Meisterschaft - Vorrunde 2"]
[Site "Online - Playchess.com"]
[Date ""]
[Round "1"]
[Board "99"]
[White "Kwech, Martin"]
[Black "Rosol, Philip"]
[Result "0-1"]
[WhiteElo "1105"]
[BlackElo "1468"]
[PlyCount "120"]
[EventDate "2020.04.13"]
[EventRounds "9"]
[EventCountry "AUT"]

1. e4 d6 2. d4 Nf6 3. Nc3 e5 4. dxe5 dxe5 5. Qxd8+ Kxd8 6. Bg5 Be6 7. Bxf6+ gxf6
8. Nf3 Bh6 9. Bd3 Nc6 10. O-O Ke7 11. Rad1 Rad8 12. Bb5 a6 13. Bxc6 bxc6 14. a3 Rhg8
15. Rxd8 Rxd8 16. Rd1 Rxd1+ 17. Nxd1 Kd6 18. Kf1 Bg4 19. Ke2 a5 20. h3 Bh5 21. Ne3
Bg6 22. Nc4+ Kc5 23. Nxa5 Bxe4 24. Nb3+ Kb5 25. g4 c5 26. c3 c4 27. Nbd2 Bd3+ 28.
Ke1 Ka4 29. Kd1 c5 30. Ne1 e4 31. Nxd3 exd3 32. Nxc4 Kb3 33. Nd2+ Kxb2 34. a4 Kxc3
35. Ne4+ Kb4 36. f4 Bxf4 37. h4 Kxa4 38. Nxc5+ Kb5 39. Nxd3 Bg3 40. h5 Kc4 41. Ke2
Kd4 42. Kf3 Kxd3 43. Kxg3 Ke3 44. Kh4 Kf4 45. Kh3 f5 46. gxf5 Kxf5 47. Kg3 Kg5 48.
Kf3 Kxh5 49. Kg3 Kg5 50. Kf3 f5 51. Kg3 h5 52. Kf3 f4 53. Kg2 Kg4 54. Kf2 h4 55.
Kg1 Kg3 56. Kh1 f3 57. Kg1 f2+ 58. Kf1 h3 59. Ke2 h2 60. Kf1 h1=Q+  0-1

[Event "1. OEsterreichische Internet Schach Meisterschaft - Vorrunde 2"]
[Site "Online - Playchess.com"]
[Date ""]
[Round "2"]
[Board "1"]
[White "Ragger, Markus"]
[Black "Knoll, Martin"]
[Result "1-0"]
[WhiteElo "2679"]
[BlackElo "2018"]
[PlyCount "65"]
[EventDate "2020.04.13"]
[EventRounds "9"]
[EventCountry "AUT"]

1. e4 c6 2. Nf3 d5 3. Nc3 dxe4 4. Nxe4 Nf6 5. Qe2 Bf5 6. d3 e6 7. g3 Be7 8. Bg2 O-O
9. O-O Nbd7 10. Rd1 Qa5 11. Bd2 Qb6 12. Rab1 Rad8 13. Qe1 Qc7 14. Bf4 Qb6 15. Nd6
Bg6 16. Nc4 Qc5 17. Be3 Qh5 18. Bxa7 Ra8 19. Bd4 Rxa2 20. h3 Rfa8 21. Nce5 Nxe5 22.
Nxe5 Nd5 23. c4 Nb4 24. Bc3 Na6 25. g4 Qg5 26. Bd2 Qh4 27. Nf3 Qf6 28. Bg5 Qxg5 29.
Nxg5 Bxg5 30. b4 Nc7 31. b5 Rc2 32. bxc6 bxc6 33. Bxc6  1-0